ব্রজলাল কলেজের ইতিহাস, ১৯০২-১৯৮৯ খ্রীষ্টাব্দ : (Record no. 38719)
[ view plain ]
| 000 -LEADER | |
|---|---|
| fixed length control field | 01090nam a22002297a 4500 |
| 001 - CONTROL NUMBER | |
| control field | 38719 |
| 003 - CONTROL NUMBER IDENTIFIER | |
| rucl marc code | BD-RjUL |
| 005 - DATE AND TIME OF LATEST TRANSACTION | |
| control field | 20211209052840.0 |
| 008 - FIXED-LENGTH DATA ELEMENTS--GENERAL INFORMATION | |
| fixed length control field | 160214b bg ||||| |||| 00| 0 ben d |
| 035 ## - SYSTEM CONTROL NUMBER | |
| System control number | (BD-RjUL)38828 |
| 040 ## - CATALOGING SOURCE | |
| Original cataloging agency | BD-RjUL |
| Language of cataloging | eng |
| Transcribing agency | BD-RjUL |
| Modifying agency | BD-RjUL |
| 041 ## - LANGUAGE CODE | |
| Language code of text/sound track or separate title | ben |
| 082 ## - DEWEY DECIMAL CLASSIFICATION NUMBER | |
| Edition number | 23 |
| Classification number | B 378.54925 |
| Author mark and year | KAB 1989 |
| 100 ## - MAIN ENTRY--PERSONAL NAME | |
| Personal name | করিম, মো. বজলুল |
| 9 (RLIN) | 119447 |
| 245 ## - TITLE STATEMENT | |
| Title | ব্রজলাল কলেজের ইতিহাস, ১৯০২-১৯৮৯ খ্রীষ্টাব্দ : |
| Remainder of title | একটি গবেষণামূলক গ্রন্থ / |
| Statement of responsibility, etc. | মো. বজলুল করিম |
| 260 ## - PUBLICATION, DISTRIBUTION, ETC. (IMPRINT) | |
| Place of publication, distribution, etc. | খুলনা : |
| Name of publisher, distributor, etc. | অবকাশ, |
| Date of publication, distribution, etc. | ১৮৮৯ |
| 300 ## - PHYSICAL DESCRIPTION | |
| Pagination | ত, ৫৪৩ পৃ. : |
| Illustrations | চিত্র ; |
| Size | ২২ সেমি. |
| 504 ## - BIBLIOGRAPHY, ETC. NOTE | |
| Bibliography, etc | উৎস নির্দেশ ও নির্দেশিকা সম্বলিত |
| 650 ## - SUBJECT ADDED ENTRY--TOPICAL TERM | |
| Topical term or geographic name as entry element | ব্রজলাল কলেজ |
| Form subdivision | ইতিহাস |
| Geographic subdivision | খুলনা |
| -- | বাংলাদেশ |
| 9 (RLIN) | 119448 |
| Topical term or geographic name as entry element | Brajalal College |
| Form subdivision | History |
| Geographic subdivision | Khulna |
| -- | Bangladesh |
| 9 (RLIN) | 119449 |
| 942 ## - ADDED ENTRY ELEMENTS (KOHA) | |
| Source of classification or shelving scheme | Dewey Decimal Classification |
| Koha item type | Books |
| Lost status | Source of classification or shelving scheme | Damaged status | Not for loan | Collection code | Permanent Location | Current Location | Shelving location | Date acquired | Source of acquisition | Cost, normal purchase price | Total Checkouts | Full call number | Date last seen | Copy number | Koha item type |
|---|---|---|---|---|---|---|---|---|---|---|---|---|---|---|---|
| Dewey Decimal Classification | Not For Loan | Non-fiction | Central Library, University of Rajshahi | Central Library, University of Rajshahi | Reading Room | 17/04/1990 | Author | 200.00 | B 378.54925 KAB 1989 | 14/02/2016 | C-1 | Books | |||
| Dewey Decimal Classification | Non-fiction | Central Library, University of Rajshahi | Central Library, University of Rajshahi | 17/04/1990 | Author | 200.00 | B 378.54925 KAB 1989 | 14/02/2016 | C-2 | Books | |||||
| Dewey Decimal Classification | Non-fiction | Central Library, University of Rajshahi | Central Library, University of Rajshahi | 17/04/1990 | Author | 200.00 | B 378.54925 KAB 1989 | 14/02/2016 | C-3 | Books | |||||
| Dewey Decimal Classification | Not For Loan | Rare Books | Central Library, University of Rajshahi | Central Library, University of Rajshahi | Rare Book Section | 17/04/1990 | Author | 200.00 | BRA 378.54925 KAB 1989 | 14/02/2016 | C-4 | Books |